| 000 | 00576cam a22001931 4500 | ||
|---|---|---|---|
| 001 | ca 36001397 | ||
| 003 | DLC | ||
| 005 | 20260227111143.0 | ||
| 008 | 800409s1930 ilua 000 0 eng | ||
| 010 | _aca 36001397 | ||
| 035 | _a(OCoLC)6182747 | ||
| 040 |
_aDLC _cMsU _dOCoLC _dDLC |
||
| 042 | _apremarc | ||
| 050 | 0 | 0 |
_aPN4305.N6 _bT3 |
| 100 | 1 |
_aTarbell, Harlan, _d1890-1960. |
|
| 245 | 1 | 0 |
_aMississippi minstrel first-part, _ba complete routine for the circle, _cby Harlan Tarbell. |
| 260 |
_aChicago, _bT.S. Denison & company, _c[c1930] |
||
| 300 |
_a49 p. _bdiagr. _c18 cm. |
||
| 999 |
_c18270 _d18270 |
||